Public Anthropologist .

محفوظ في:

التنسيق: دورية

اللغة: Undetermined

الموضوعات:

الوصول للمادة أونلاين: Login to view Source

الوسوم: إضافة وسم

لا توجد وسوم, كن أول من يضع وسما على هذه التسجيلة!

رقم الطلب:

LEADER 00523nms a2200181Ia 4500
005 20240402060119.0
008 240131s9999||||xx |||||||||||||||||und||
999 |c 56532  |d 56532 
022 |a 2589-1707 
022 |a 2589-1715 
245 0 0 |a Public Anthropologist . 
336 |2 rdacontent  |a text  |b txt 
337 |2 rdamedia  |a unmediated  |b n 
338 |2 rdacarrier  |a volume  |b n 
500 |a BRILLBRILLJ 
650 4 |a Social & cultural anthropology. 
856 |z PUAN  |u https://brill.com/view/journals/puan/puan-overview.xml 
942 |2 lcc  |c EJL